Könyvvizsgálat a KKV szektorban

Bibliográfiai részletek
Szerző: Argai Réka Emese
További közreműködők: Kardos dr. Barbara
Dokumentumtípus: Diplomadolgozat
Kulcsszavak:beszámoló könyvvizsgálata
kis- és középvállalkozás - KKV
kockázatalapú könyvvizsgálat
könyvvizsgálat
könyvvizsgálat folyamata
könyvvizsgálati feladatok
Online Access:http://dolgozattar.uni-bge.hu/60345

MARC

LEADER 00000nta a2200000 i 4500
001 dolg60345
005 20260409150449.0
008 260409suuuu hu om 000 hun d
040 |a BGE Dolgozattár Repozitórium  |b hun 
041 |a hu 
100 1 |a Argai Réka Emese 
245 1 0 |a Könyvvizsgálat a KKV szektorban  |c Argai Réka Emese  |h [elektronikus dokumentum] 
520 3 |a A dolgozat célja annak bemutatása,hogyan valósul meg egy kereskedelmi vállalkozás 2024. évi könyvvizsgálata a KKV szektorban.A szakirodalmi rész a kapcsolódó fogalmak tisztázására, a kapcsolódó szabályozásokra, a könyvvizsgálati kötelezettségre és a gyakorlatának a bemutatására épül. Esettanulmány a teljes könyvvizsgálati folyamatot követi: a tervezést (lényegesség, kockázatok azonosítását, munkaprogram összeállítását), a végrehajtást (egyeztetések a fő területeken és mintavételezés), majd a könyvvizsgálat zárását, a könyvvizsgálói jelentés kiadását. Az esettanulmányban kiemelt figyelmet kaptak a tárgyi eszközök, a készletek, a pénzeszközök, az árbevétel és a vevők, továbbá a beszerzések és szállítók, a munkabérek, az adók, a saját tőke, az időbeli elhatárolások és a kapcsolt vállalkozások.A vizsgálatok fókuszát főként analitika–főkönyv egyeztetések, újraszámítások és bizonylatok ellenőrzése jelentették.Az eljárások eredményeként a mintákban talált kisebb hibák javíthatók voltak, amelyek korrigálásra is kerültek, a fennmaradó eltérések együttes hatása pedig nem érte el azt a szintet, amely a beszámoló egészét érdemben befolyásolná. A könyvvizsgálati eljárások eredményei és a zárási lépések megerősítették, hogy a beszámoló adatai a valóságnak megfelelően kerültek bemutatásra, így a jelentés kiadható volt.A dolgozat tapasztalata szerint a KKV-k esetében különösen eredményes kockázatalapú megközelítés, amely következetesen egyezteti az analitikákat a főkönyvvel és a vizsgálatot egy jól áttekinthető munkaprogram mentén szervezi meg. 
695 |a beszámoló könyvvizsgálata 
695 |a kis- és középvállalkozás - KKV 
695 |a kockázatalapú könyvvizsgálat 
695 |a könyvvizsgálat 
695 |a könyvvizsgálat folyamata 
695 |a könyvvizsgálati feladatok 
700 1 |a Kardos dr. Barbara  |e ths 
856 4 0 |u http://dolgozattar.uni-bge.hu/60345/1/Argai%20R%C3%A9ka%20Emese_ZBGH63_K%C3%B6nyvvizsg%C3%A1lat%20a%20KKV%20szektorban.pdf  |z Dokumentum-elérés 
856 4 0 |u http://dolgozattar.uni-bge.hu/60345/2/argai_emese_mester_biralat.pdf  |z Dokumentum-elérés